000
00278nam a22001217a 4500
008
170713b xxu||||| |||| 00| 0 eng d
041
_a
eng
080
_a
101
100
_a
24
101
_a
fil
245
_a
PHILANTHROPY AND CULTURAL IMPERIALISM
_c
ARNOVE, R.F
942
_2
udc
_c
BK
999
_c
20606
_d
20606